|
|
|
|
| LEADER |
00000nam0a2200000 4500 |
| 001 |
120467 |
| 005 |
20231031125024.0 |
| 010 |
|
|
|a 5969200417
|
| 035 |
|
|
|a (RuTPU)RU\TPU\book\130443
|
| 090 |
|
|
|a 120467
|
| 100 |
|
|
|a 20070829d2006 m y0rusy50 ca
|
| 101 |
0 |
|
|a rus
|
| 102 |
|
|
|a RU
|
| 105 |
|
|
|a a j 001zy
|
| 200 |
1 |
|
|a Русский язык и культура речи
|e учебник для технических вузов
|f под ред. В. И. Максимова и А. В. Голубевой
|
| 210 |
|
|
|a Москва
|c Высшее образование
|d 2006
|
| 215 |
|
|
|a 356 с.
|c ил.
|
| 225 |
1 |
|
|a Высшее образование. Основы наук
|
| 320 |
|
|
|a Библиография в конце глав.
|
| 330 |
|
|
|a Содержание учебника соответствует требованиям государственного образовательного стандарта по учебной дисциплине «Русский язык и культура речи» для нефилологических специальностей вузов. Особенность настоящего издания - соединение в одной книге собственно учебника, т.е. основных теоретических сведений по курсу, и обширного практикума для семинарских занятий, включающего задания для самостоятельной работы студентов. Предназначен для студентов-нефилологов. Будет полезен всем, кто стремится расширить свои знания о нормах публичного общения на русском языке и развить практические навыки такого общения.
|
| 451 |
|
1 |
|0 (RuTPU)RU\TPU\book\164015
|y 978-5-9788-0058-6
|t Русский язык и культура речи
|o учебник
|f под ред. В. И. Максимова, А. В. Голубевой
|c М.
|n Юрайт
|d 2009
|p 356 с.
|
| 451 |
|
1 |
|0 (RuTPU)RU\TPU\book\89135
|y 5-8297-0155-3
|t Русский язык и культура речи
|o учебник
|f под ред. В. И. Максимова
|c М.
|n Гардарики
|d 2005
|p 408 с.
|s Disciplinae
|
| 610 |
1 |
|
|a русский язык
|
| 610 |
1 |
|
|a стилистика
|
| 610 |
1 |
|
|a стили речи
|
| 610 |
1 |
|
|a культура речи
|
| 610 |
1 |
|
|a литературная норма
|
| 610 |
1 |
|
|a речевая культура
|
| 610 |
1 |
|
|a речь
|
| 610 |
1 |
|
|a практикумы
|
| 610 |
1 |
|
|a устная речь
|
| 610 |
1 |
|
|a деловое общение
|
| 610 |
1 |
|
|a учебники
|
| 686 |
|
|
|a Ш141.2-923.7
|v LBC/SL-A
|2 rubbk
|
| 702 |
|
1 |
|a Максимов
|b В. И.
|4 340
|
| 702 |
|
1 |
|a Голубева
|b А. В.
|4 340
|
| 801 |
|
1 |
|a RU
|b 63413507
|c 20070829
|g PSBO
|
| 801 |
|
2 |
|a RU
|b 63413507
|c 20190128
|g PSBO
|
| 900 |
|
|
|a Русский язык
|
| 900 |
|
|
|a Русский язык и культура речи
|
| 942 |
|
|
|c BK
|
| 951 |
|
|
|a 520000
|a 550000
|
| 955 |
|
|
|a 550000
|
| 959 |
|
|
|a 50/20070829
|d 2
|e 149,00
|f АНЛ:1
|f ЧЗИЛ:1
|